000 00683nam a22001577a 4500
008 090520t xxu||||| |||| 00| 0 eng d
020 _a9783764385422
082 _222
_a006.3
_bMUL
245 _aIssues in multi-agent systems :
_bthe AgentCities.ES experience /
_cAntonio Moreno, Juan Pavon, editors.
260 _aBoston :
_bBirkhauser,
_cc2008
300 _aix, 225 p. :
_bill. ;
_c24 cm.
650 _94866
_aIntelligent agents (Computer software)
650 _94319
_aSoftware Engineering.
942 _2ddc
_cBB
999 _c11569
_d11569